Life and food / (Record no. 8199)
[ view plain ]
| 000 -LEADER | |
|---|---|
| fixed length control field | 00798nam a2200289 a 4500 |
| 001 - CONTROL NUMBER | |
| JCCL Control Number | 8199 |
| 003 - CONTROL NUMBER IDENTIFIER | |
| JCCL marc code | BD - JhCC |
| 005 - DATE AND TIME OF LATEST TRANSACTION | |
| control field | 20180709104913.0 |
| 008 - FIXED-LENGTH DATA ELEMENTS--GENERAL INFORMATION | |
| fixed length control field | 871118s1986 enkab 000 0 eng d |
| 020 ## - INTERNATIONAL STANDARD BOOK NUMBER | |
| International Standard Book Number | 0297791885 |
| 020 ## - INTERNATIONAL STANDARD BOOK NUMBER | |
| International Standard Book Number | 029778725X |
| 035 ## - SYSTEM CONTROL NUMBER | |
| system control number | (BD-JhCC)8199 |
| 040 ## - CATALOGING SOURCE | |
| Original cataloging agency | BD-JhCC |
| Modifying agency | BD-JhCC |
| 041 ## - LANGUAGE CODE | |
| Language code of Book | eng |
| 050 #0 - LIBRARY OF CONGRESS CALL NUMBER | |
| Classification number | TX719 |
| 082 ## - DEWEY DECIMAL CLASSIFICATION NUMBER | |
| Classification number | 641/.0944/72 |
| DDC Edition number | 19 |
| Author mark and Year | CLA 1986 |
| 100 1# - MAIN ENTRY--PERSONAL NAME | |
| Personal name | Clark, John A. |
| 245 10 - TITLE STATEMENT | |
| Title | Life and food / |
| Statement of responsibility, etc | John A. Clark and Fredrick L. Fitzptrick |
| 260 ## - PUBLICATION, DISTRIBUTION, ETC. (IMPRINT) | |
| Place of publication, distribution, etc | London : |
| Name of publisher, distributor, etc | Weidenfeld & Nicolson, |
| Date of publication, distribution, etc | 1986 |
| 300 ## - PHYSICAL DESCRIPTION | |
| Pagination | 64 p : |
| Other physical details | ill, 1 map ; |
| Dimensions | 24 cm |
| 650 #0 - SUBJECT ADDED ENTRY--TOPICAL TERM | |
| Topical term or geographic name as entry element | Beverages |
| Geographic subdivision | France |
| -- | Dordogne. |
| 650 #0 - SUBJECT ADDED ENTRY--TOPICAL TERM | |
| Topical term or geographic name as entry element | Cooking, French |
| General subdivision | Dordogne style. |
| 650 #0 - SUBJECT ADDED ENTRY--TOPICAL TERM | |
| Topical term or geographic name as entry element | Manners and customs |
| 700 ## - ADDED ENTRY--PERSONAL NAME | |
| Personal name | Fitzptrick, Fredrick L. |
| 942 ## - ADDED ENTRY ELEMENTS (KOHA) | |
| Source of classification or shelving scheme | Dewey Decimal Classification |
| Koha item type | Books |
| Source of classification or shelving scheme | Damaged status | Not for loan | Home library | Current library | Shelving location | Total Checkouts | Full call number | Barcode | Date last seen | Copy number | Koha item type |
|---|---|---|---|---|---|---|---|---|---|---|---|
| Dewey Decimal Classification | JCC Rouf Library | JCC Rouf Library | General Stacks | 641/.0944/72 BEN 1986 | 8595 | 02/19/2018 | C - 1 | Books |